Statistiken für Die größten Länder nach Fläche

Klicken Sie hier um das Quiz zu spielen!

Allgemein

  • Dieses Quiz wurde 46.750 mal gespielt
    (39.577 seit der letzten Aktualisierung)
  • Das Durchschnittsergebnis liegt bei 16 aus 20

Antwortstatistiken

FlächeLänder% Korrekt
17.098.242Russland
100%
9.640.821China
99%
9.526.468Vereinigte Staaten
99%
9.984.670Kanada
99%
8.514.877Brasilien
97%
7.692.024Australien
96%
3.287.590Indien
94%
2.780.400Argentinien
89%
1.564.110Mongolei
84%
1.964.375Mexiko
83%
2.724.900Kasachstan
83%
2.381.741Algerien
78%
2.344.858Demokratische Republik Kongo
77%
2.149.690Saudi-Arabien
77%
1.648.195Iran
73%
1.904.569Indonesien
70%
1.886.068Sudan
65%
1.759.540Libyen
58%
1.284.000Tschad
51%
1.285.216Peru
50%

Verteilung der Resultate

Perzentil nach korrekt beantworteten Fragen

Anzahl Personen mit jedem Resultat

Ihre Resultats-Entwicklung

Sie haben dieses Quiz seit der letzten Aktualisierung nicht gespielt